Bioquímica y biología molecular para ciencias de la salud (Registro nro. 51055)
[ vista simple ]
| 000 -ENCABEZADO | |
|---|---|
| Número de control [NR] | 00875nam a2200277Ia 4500 |
| 005 - FECHA Y HORA DE LA ÚLTIMA TRANSACCIÓN | |
| control field | 20180312122217.0 |
| 008 - DE LONGITUD FIJA DE DATOS DE ELEMENTOS - INFORMACIÓN GENERAL | |
| Elementos de longitud fija [NR] | 130821s2005 sp a gr spa |
| 020 ## - NUMERO INTERNACIONAL NORMALIZADO PARA LIBROS [R] | |
| Número Internacional Normalizado del libro [NR] | 8448606426 |
| 040 ## - FUENTE DE CATALOGACION [NR] | |
| Agencia de catalogación original [NR] | Co-BoUCM |
| Idioma de catalogación [NR] | spa |
| 041 00 - CODIGO DE IDIOMA [R] | |
| Código de idioma para texto/pista de sonido o título separado [R] | Español |
| 060 ## - SIGNATURA TOPOGRAFICA DE LA BIBLIOTECA NACIONAL DE MEDICINA (NLM) [R] | |
| Número clasificador [R] | QU 4 |
| Número de ítem [NR] | L925b 3a.ed |
| -- | 2005 |
| 100 ## - ASIENTO PRINCIPAL--NOMBRE PERSONAL [NR] | |
| Nombre personal [NR] | Lozano Teruel, J. A. |
| 245 00 - MENCION DE TITULO [NR] | |
| Título [NR] | Bioquímica y biología molecular para ciencias de la salud |
| Mención de responsabilidad, etc. [NR] | J. A. Lozano Teruel |
| 250 ## - MENCION DE EDICION [NR] | |
| Mención de edición [NR] | 3a. Ed. |
| 260 ## - PUBLICACION, DISTRIBUCION, ETC. (PIE DE IMPRENTA) [R] | |
| Lugar de publicación, distribución, etc. [R] | Madrid (España) |
| Nombre del editor, distribuidor, etc. [R] | Mc Graw Hill-Interamericana |
| Fecha de publicación, distribución, etc. [R] | 2005 |
| 300 ## - DESCRIPCION FISICA [R] | |
| Extensión [R] | 783 páginas |
| Otros detalles físicos [NR] | ilustraciones |
| Material acompañante [NR] | 1 CD-ROM |
| 650 04 - ASIENTO SECUNDARIO DE MATERIA - TERMINO TEMATICO [R] | |
| Término temático o nombre geográfico como elemento de entrada [NR] | Biología molecular |
| 9 (RLIN) | 10131 |
| 650 04 - ASIENTO SECUNDARIO DE MATERIA - TERMINO TEMATICO [R] | |
| Término temático o nombre geográfico como elemento de entrada [NR] | Bioquímica |
| 9 (RLIN) | 10154 |
| 650 04 - ASIENTO SECUNDARIO DE MATERIA - TERMINO TEMATICO [R] | |
| Término temático o nombre geográfico como elemento de entrada [NR] | Ciencias naturales |
| 9 (RLIN) | 10813 |
| 700 ## - ASIENTO SECUNDARIO - NOMBRE PERSONAL [R] | |
| Nombre personal [NR] | Galindo, J.D. |
| 700 ## - ASIENTO SECUNDARIO - NOMBRE PERSONAL [R] | |
| Nombre personal [NR] | García-Borron, J.C. |
| 700 ## - ASIENTO SECUNDARIO - NOMBRE PERSONAL [R] | |
| Nombre personal [NR] | Martínez-Liarte, J.H. |
| 700 ## - ASIENTO SECUNDARIO - NOMBRE PERSONAL [R] | |
| Nombre personal [NR] | Peñafiel, R. |
| 700 ## - ASIENTO SECUNDARIO - NOMBRE PERSONAL [R] | |
| Nombre personal [NR] | Solano, F. |
| 942 ## - ELEMENTOS DE ENTRADA AGREGADOS (KOHA) | |
| Tipo de ítem principal el descrito en 300a | Libro |
| Tema principal | Medicina |
| Edición | 3 |
| Parte restante de la signatura top. | L925b |
| Sistema de clasificación | NLM |
| Clasificación | QU 4 |
| Título oculto en OPAC | No |
| Fecha de último préstamo | Total préstamos | Signatura topográfica | Código de barras | Última vez visto | Volúmen / Fascículo | Ejemplar | Price effective from | Tipo de ítem | Perdido | Sistema de clasificación | Dañado | No prestable | Tipo de ítem específico | Suprimido | Ubicación habitual | Ubicación actual | Localización | Fecha de creación | Forma de adquisición | Costo | Total Renewals |
|---|---|---|---|---|---|---|---|---|---|---|---|---|---|---|---|---|---|---|---|---|---|
| 28/11/2006 | QU 4 L925b | 200013487 | 11/12/2025 | 3a. Ed. | Ej.2 | 03/02/2013 | Multimedia | DEWEY | CD-Rom | Quinta de Mutis | Quinta de Mutis | Colección digital | 19/02/2013 | Compra | 144000.00 | ||||||
| 26/02/2020 | 46 | QU 4 L925b | 200013479 | 12/12/2025 | 3a. Ed. | Ej.1 | 03/02/2013 | Libro | NLM | Libro | Quinta de Mutis | Quinta de Mutis | 1er piso | 19/02/2013 | Compra | 144000.00 | 4 | ||||
| 10/04/2007 | 1 | QU 4 L925b | 200013872 | 11/12/2025 | 3a. Ed. | Ej.4 | 03/02/2013 | Multimedia | DEWEY | CD-Rom | Quinta de Mutis | Quinta de Mutis | Colección digital | 19/02/2013 | Compra | 189000.00 | |||||
| 19/02/2025 | 165 | QU 4 L925b | 200013871 | 12/12/2025 | 3a. Ed. | Ej.3 | 03/02/2013 | Libro | NLM | Libro | Quinta de Mutis | Quinta de Mutis | 1er piso | 19/02/2013 | Compra | 189000.00 | 3 | ||||
| 17/07/2007 | 1 | QU 4 L925b | 200014452 | 11/12/2025 | 3a. Ed. | Ej.6 | 03/02/2013 | Multimedia | DEWEY | CD-Rom | Quinta de Mutis | Quinta de Mutis | Colección digital | 19/02/2013 | Compra | 151200.00 | |||||
| 28/02/2025 | 148 | QU 4 L925b | 200014451 | 12/12/2025 | 3a. Ed. | Ej.5 | 03/02/2013 | Libro | NLM | Libro | Quinta de Mutis | Quinta de Mutis | 1er piso | 19/02/2013 | Compra | 151200.00 | 6 |